Ohio Historic Subdivisions - Statistics

General Stats
  • This quiz has been taken 17 times
  • The average score is 5 of 21
Answers on the Map
Answers color-coded by a green-red scale on the quiz's map according to % correct below.
 
Answer Stats
Subdivision % Correct
Congress Lands North of Old Seven Ranges
64%
Connecticut Western Reserve
64%
Congress Lands East of Scioto River
50%
Congress Lands West of Miami River
43%
North and East of the First Principal Meridian
36%
Michigan Meridian Survey
29%
Ohio Company Purchase
29%
Virginia Military District
29%
Between the Miamis
21%
Old Seven Ranges
21%
South and East of the First Principal Meridian
21%
Symmes Purchase
21%
United States Military District
14%
French Grants
7%
Refugee Lands
7%
Salem Tract
7%
Schoenbrunn Tract
7%
Twelve-Mile Square Reservation
7%
Two-Mile Square Reservation
7%
Donation Tract
0%
Gnadenhutten Tract
0%
No matching quizzes found
Score Distribution
Percent of People with Each Score
Percentile by Number Answered
Your Score History
You have not taken this quiz